000 00686nam a2200289Ia 4500
005 20260121124533.0
008 008 260114s9999 xx 000 0 eng d
020 _a9780824866648
037 _aEBOOK
040 _aCRL
040 _beng
040 _cCRL
041 _2eng
041 _aeng
084 _qCRL
100 _aCulliney, John L.
_9977681
245 4 _aThe Fractal Self
260 _bWalter de Gruyter
260 _bWalter de Gruyter
260 _c2017
650 _aPhilosophy
_9977682
700 _a Jones, David
_9977683
856 _uhttp://www.degruyter.com/isbn/9780824866648
942 _cEBOOK
999 _c1555330
_d1555330